000 00856nas a2200253 4500
001 BR0200200
003 BR-BrBNA
005 20231205102710.0
007 ta
008 230509b bl.|||p| |||| 00| 00por d
040 _aBR-BrBNA
_bpor
_cBiblioteca Nacional de Agricultura
041 _a(Pt)
072 _aH10
100 1 _aGarcia, F.R.M.
100 1 _aCorseuil, E.
245 1 _aInfluência de fatores climáticos sobre moscas-das-frutas (Diptera:Tephritidae)em pomares de pessegueiro em Porto Alegre, Rio Grande do Sul
650 _aMOSCA DAS FRUTAS
650 _aPÊSSEGO
650 _aCONDIÇÃO AMBIENTAL
650 _aPOMAR
773 0 _tRevista da Faculdade de Zootecnia, Veterinária e Agronomia (Brazil)
_xISSN 0104-4257
_g(1998-1999), v. 5-6(1) p. 71-75
_wBR0200200
909 _a202311
_bLúcia
_c55
_dLúcia Elande
942 _2AGRIS
_n0
_cANA
999 _c168887
_d168887